00703nai a2200181Ia 4500003000900000008004100009022002200050022002300072040001600095245007800111260008600189310001400275362003600289521006900325650002000394650001400414856009300428IN-BaIIA211028c9999 xx s 000 0 eng d a0096-1639 (Print) a2331-0804 (Online) cIIA Library 0aIRE Transactions on Aeronautical and Navigational Electronicsh[eJournal] aNew York, USAbThe Institute of Electrical and Electronics Engineers, Inc. (IEEE) aQuarterly aANE-2(1); 1955 - ANE-7(4); 1960 bSubscribed through National Knowledge Resource Consortium (NKRC) a Transportation aAerospace uhttps://ieeexplore.ieee.org/servlet/opac?punumber=4201388yClick Here to Access eJournal